Islām kā tahz̲ībī niẓām / (Record no. 76438)
[ view plain ]
| 000 -LEADER | |
|---|---|
| fixed length control field | 00657cam a22002411a 4500 |
| 001 - CONTROL NUMBER | |
| control field | sa 67007213 |
| 003 - CONTROL NUMBER IDENTIFIER | |
| control field | DLC |
| 005 - DATE AND TIME OF LATEST TRANSACTION | |
| control field | 20260227112414.0 |
| 008 - FIXED-LENGTH DATA ELEMENTS--GENERAL INFORMATION | |
| fixed length control field | 951003s1964 pk b 000 0 urdo |
| 010 ## - LIBRARY OF CONGRESS CONTROL NUMBER | |
| LC control number | sa 67007213 |
| 025 ## - OVERSEAS ACQUISITION NUMBER | |
| Overseas acquisition number | P-U-968 |
| 035 ## - SYSTEM CONTROL NUMBER | |
| System control number | (OCoLC)33236386 |
| 040 ## - CATALOGING SOURCE | |
| Original cataloging agency | DLC |
| Transcribing agency | WaU |
| Modifying agency | DLC |
| 042 ## - AUTHENTICATION CODE | |
| Authentication code | premarc |
| 050 00 - LIBRARY OF CONGRESS CALL NUMBER | |
| Classification number | D199.3 |
| Item number | .N3 |
| 100 1# - MAIN ENTRY--PERSONAL NAME | |
| Personal name | Nadvī, Yaḥyá. |
| 245 10 - TITLE STATEMENT | |
| Title | Islām kā tahz̲ībī niẓām / |
| Statement of responsibility, etc. | Sayyid Yaḥyá Nadvī. |
| 260 ## - PUBLICATION, DISTRIBUTION, ETC. | |
| Place of publication, distribution, etc. | Karācī : |
| Name of publisher, distributor, etc. | Pāk Akaiḍīmī, |
| Date of publication, distribution, etc. | 1964. |
| 300 ## - PHYSICAL DESCRIPTION | |
| Extent | 343 p. ; |
| Dimensions | 18 cm. |
| 546 ## - LANGUAGE NOTE | |
| Language note | In Urdu. |
| 504 ## - BIBLIOGRAPHY, ETC. NOTE | |
| Bibliography, etc. note | Includes bibliographical references. |
| 650 #0 - SUBJECT ADDED ENTRY--TOPICAL TERM | |
| Topical term or geographic name entry element | Islamic civilization. |
No items available.